عرض عادي
عرض مارك
- العكيلي، علي مجيد حسون
مدخل إسم شخص
عدد التسجيلات المستخدمة في: 96
001 - رقم الضبط
- حقل الضبط: 48864
003 - معرف رقم الضبط
- حقل الضبط: OSt
005 - تاريخ ووقت أخر عملية
- حقل الضبط: 20150721011132.0
008 - عناصر بيانات ثابتة الطول
- حقل تحكم ثابت الطول: 150721|| aca||aabn | a|a d
040 ## - مصدر الفهرسة
- هيئة الفهرسة الأصلية: OSt
- وكالة الكتابة: OSt
100 ## - مدخل -- أسم شخص
- إسم شخص: العكيلي، علي مجيد حسون
670 ## - بيانات المصدر موجوده
- الاستشهاد بالمصدر: Work cat.: (OSt): العكيلي، علي مجيد حسون, الحماية الدستورية للحقوق والحريات في ظل حالة الضرورة /, 2015
